| 000 | 00521nam a22001697a 4500 | ||
|---|---|---|---|
| 003 | IT-RoPau | ||
| 005 | 20220918175943.0 | ||
| 008 | 130307b xxu||||| |||| 00| 0 eng d | ||
| 040 | _cIT-RoPau | ||
| 245 | _aSSP Provincia Italia - Linee Guida per il Gruppo San Paolo. | ||
| 250 | _a1° ed | ||
| 260 |
_aRoma _bSSP Provincia Italia _c1995 |
||
| 300 |
_a24 pp. _c21 cm |
||
| 490 | _aEditoriale San Paolo | ||
| 520 | _aIndice 1. Missione della Società San Paolo 2. Azione apostolica 3. Operatività | ||
| 942 |
_2ddc _cBK |
||
| 999 |
_c38188 _d38188 |
||